000 00360 a2200109 4500
001 ART_3039
005 20260410161712.0
008 260409a
245 1 0 _aLas migraciones en la Argentina entre mediados del siglo XIX y 1960
100 1 _aLattes, Alfredo E.
773 0 _tDesarrollo económico
_g- Vol. 12, Nº 48 (ene./mar. 1973)
_wREV1174
999 _c16158
_d16158